GEORGES FORESTIER, Jean Racine. Paris, Gallimard, coll. « NRF, Biographies », 2006. Un vol. 15 × 22 de 942 p. (notice n° 1654438)

détails MARC
000 -LEADER
fixed length control field 01967cam a2200157 4500500
005 - DATE AND TIME OF LATEST TRANSACTION
control field 20260208005931.0
041 ## - LANGUAGE CODE
Language code of text/sound track or separate title fre
042 ## - AUTHENTICATION CODE
Authentication code dc
100 10 - MAIN ENTRY--PERSONAL NAME
Personal name Collinet, Jean-Pierre
Relator term author
245 00 - TITLE STATEMENT
Title GEORGES FORESTIER, Jean Racine. Paris, Gallimard, coll. « NRF, Biographies », 2006. Un vol. 15 × 22 de 942 p.
260 ## - PUBLICATION, DISTRIBUTION, ETC.
Date of publication, distribution, etc. 2008.<br/>
500 ## - GENERAL NOTE
General note 79
520 ## - SUMMARY, ETC.
Summary, etc. Pierre Mertens et Paul Louis-Combet, romanciers d’expression française contemporains, ont pris pour objet, dans leurs textes respectifs Les Éblouissements et Blesse, ronce noire, les deux poètes Gottfried Benn et Georg Trakl. Pareillement marqués par l’expérience de la guerre malgré leur sort tout différent, ces deux figures majeures de l’expressionnisme ont manifesté une certaine dérision de l’héroïsme : aux images morbides de Benn, telles un antidote cruel à tout réflexe idéalisant, répond le refuge autodestructeur de Trakl dans un « âge d’or » brisé, dont ne demeure que la souffrance et le sentiment d’une inexpiable culpabilité. Si le roman de Pierre Mertens, reconstituant au plus près le parcours déroutant et souvent contradictoire de Benn, met en lumière la genèse intellectuelle d’une passivité aboutissant de manière aberrante à une complicité avec le régime nazi, celui de Paul Louis-Combet s’engage dans une mimesis poétique de la conscience délabrée de Trakl, dans laquelle les mystères sexuels s’agrègent au sentiment d’une apocalypse générale. Au rebours d’un certain conformisme viril, fruit d’une idéologie de guerre, l’un comme l’autre ont adopté l’indéfinition d’un « Moi tardif » (Späte Ich), qu’on peut analyser comme un refus viscéral de l’Histoire.
786 0# - DATA SOURCE ENTRY
Note Revue d'histoire littéraire de la France | 108 | 1 | 2008-04-18 | p. 197h-254h | 0035-2411
856 41 - ELECTRONIC LOCATION AND ACCESS
Uniform Resource Identifier <a href="https://shs.cairn.info/revue-d-histoire-litteraire-de-la-france-2008-1-page-197h?lang=fr&redirect-ssocas=7080">https://shs.cairn.info/revue-d-histoire-litteraire-de-la-france-2008-1-page-197h?lang=fr&redirect-ssocas=7080</a>

Pas d'exemplaire disponible.

PLUDOC

PLUDOC est la plateforme unique et centralisée de gestion des bibliothèques physiques et numériques de Guinée administré par le CEDUST. Elle est la plus grande base de données de ressources documentaires pour les Étudiants, Enseignants chercheurs et Chercheurs de Guinée.

Adresse

627 919 101/664 919 101

25 boulevard du commerce
Kaloum, Conakry, Guinée

Réseaux sociaux

Powered by Netsen Group @ 2025